Państwa z taką samą stolicą co nazwą kraju - Statystyki

Ogólne statystyki
  • Ten quiz został rozwiązany 156 razy
  • Średni wynik to 5 z 10
Statystyki odpowiedzi
Kontynent Państwa % Poprawnych
Europa Watykan
85%
Europa Luksemburg
81%
Europa San Marino
77%
Europa Monako
76%
Ameryka Meksyk
68%
Europa Andora
60%
Ameryka Panama
38%
Ameryka Gwatemala
31%
Azja Kuwejt
23%
Azja Singpur
1%
Nie znaleziono quizów pasujących do podanych kryteriów
Rozkład punktacji
Procent ludzi z każdym wynikiem
Percentyl według liczby udzielonych odpowiedzi
Twoja historia wyników
Nie rozwiązałeś tego quizu